Písně pro dětský sbor na slova lidové poesie K.J. Erbena a J.V. Sládka : sbor a klavír /

Main Author: Škvor, František, 1898-1970
Other Authors: Erben, Karel Jaromír, 1811-1870, Sládek, Josef Václav, 1845-1912
Language: Czech
Published: Praha : Orbis, 1952
Edition: 1. vyd.
Series: Sborový repertoir
Physical Description: 22 s.
Musical Score Musical Score
Saved in:
LEADER 00948ncm a22002652a 4500
001 001178890
003 CZ BrMZK
005 20111107095005.0
007 qu
008 111107s1952 xr |||||||||||||||||cze d
040 |a BOA001  |b cze 
072 7 |a 784  |x Vokální hudba  |2 Konspekt  |9 9 
100 1 |a Škvor, František,  |d 1898-1970  |7 kup20010000098825  |4 cmp 
245 1 0 |a Písně pro dětský sbor  |h [hudebnina] :  |b na slova lidové poesie K.J. Erbena a J.V. Sládka : sbor a klavír /  |c František Škvor 
250 |a 1. vyd. 
260 |a Praha :  |b Orbis,  |c 1952 
300 |a 22 s. 
490 1 |a Sborový repertoir ;  |v 28 
700 1 |a Erben, Karel Jaromír,  |d 1811-1870  |7 jk01030532  |4 lyr 
700 1 |a Sládek, Josef Václav,  |d 1845-1912  |7 jk01111743  |4 lyr 
830 0 |a Sborový repertoir 
910 |a BOA001  |b Mus4-0287.761 
990 |a MU 
991 |b 201111 
996 6 |b 2619446772  |c Mus4-0287.761  |l MZK  |r Sklad / do 1 hodiny  |n 3  |w 001212371  |u 000010  |a 1  |e BOA001  |j MZK50  |s P